• 首页
  • 本馆介绍
  • 公告通知
  • 最新文献
  • 馆藏检索
  • 电子资源
  • 读者导购
  • 参考咨询
  • 我的图书馆
  • 登录
  • 详细信息显示
  • 放入我的书架
  • 预约/预借图书
  • 作者相关作品
  • 分类相关作品
  • 丛书相关作品
  • 出版社相关作品

书目信息

  • 表格格式
  • 工作单格式
  • 卡片格式
题名:
溥心畲
    
 
作者: 王彬 著
分册:  
出版信息: 石家庄   河北教育出版社  2003
页数: 209页
开本: 21cm
丛书名: 中国名画家全集
单 册:
中图分类: J203
科图分类:
主题词: 画家--艺术实践
电子资源:
ISBN: 7-5434-4861-0
000 00974oam2 2200301 450
001 05002559247
005 20051223084945.01
010    @a7-5434-4861-0@dCNY58.00
092    @aCN
100    @a20050623d2003 ekmy0chiy0120 ea
101 0  @achi
102    @aCN@b130000
105    @aa z 000yd
200 1  @a溥心畲@9pu xin she@f王彬著@Fwang bin zhu
210    @a石家庄@c河北教育出版社@d2003
215    @a209页@c照片,图@d21cm
225 2  @a中国名画家全集@i近现代部分@f郎绍君,张志欣主编
330    @a本书介绍了我国著名的书画家溥心畲先生。并且分别从生平概述、艺术历程、论艺摘选、各家评论摘录和年表简编等几个方面对这位艺术大师做了详细介绍。
410  0 @12001 @a近现代部分
410  0 @12001 @a中国名画家全集
600  0 @a溥儒@f(1896~1963)@x人物研究
600  0 @a溥儒@f(1896~1963)@x中国画@x美术批评
606 0  @a画家@x艺术实践
690    @aJ203@v4
701  0 @a王彬@Awang bin@4著
801  0 @aCN@bNLC@c20051223
905    @a10447@dJ203@e283
999    @aHSJ
    
    溥心畲/王彬著.-石家庄:河北教育出版社,2003
    209页:照片,图;21cm.-(中国名画家全集.近现代部分/郎绍君,张志欣主编)
    
    
    ISBN 7-5434-4861-0:CNY58.00
    本书介绍了我国著名的书画家溥心畲先生。并且分别从生平概述、艺术历程、论艺摘选、各家评论摘录和年表简编等几个方面对这位艺术大师做了详细介绍。
●
相关链接 在E读中查询图书 在五车中查询图书 在当当中查询图书 在豆瓣中查询图书


正题名:溥心畲     索取号:J203/283         预约/预借

序号 登录号 条形码 馆藏地/架位号 状态 备注
1 0369443   203694430   第一样本阅览室/ [索取号:J203/283] 在馆    
2 0372217   203722178   第一借阅区/ [索取号:J203/283] 在馆    
唐山师范学院图书馆 欢迎您!
大连网信软件有限公司© 版权所有